LEADER 01390nam a2200313 a 4500 001 000000132468 003 CaOOAMICUS 005 20130130162416.0 008 130130s2012 it u001 u ita r 020 $a978-88-6124-303-3 040 $aPUL$bita 082 04$a141 100 1 $aNicastro, Luciano.$0(OLS)http://pul/name/56617 245 10$aProfezia e politica in Emmanuel Mounier :$bnucleo strategico del pensiero utopico del Novecento /$cLuciano Nicastro. 260 $aTrapani :$bIl pozzo di Giacobbe,$cİ2012. 300 $a204 p. ;$c22 cm. 490 1 $aOi christianoi ;$v8 504 $aBibliografia in nota. 600 14$aMounier, Emmanuel,$d1905-1950$xPensiero politico e sociale.$0(OLS)http://pul/subject/23499 830 3$aOi christianoi ;$v8.$0(OLS)http://pul/title/132648 850 $aPUL 852 $aPUL$W1$xSL Filosofia 3$y81$m141 NICLU 1$j152437$qDDC 21$B151786$CPULBib$Z2$F151786 $H121533 $82 941 1 $a9 983 0$aOi christianoi (Il pozzo di Giacobbe) 996 $6020$a978-88-6124-303-3$9(OLS)http://pul/number/151635 996 $6082$a141$9(OLS)http://pul/classification/2221 996 $6245$aProfezia e politica in Emmanuel Mounier :$bnucleo strategico del pensiero utopico del Novecento$9(OLS)http://pul/title/167359 996 $6260$aTrapani :$bIl pozzo di Giacobbe$9(OLS)http://pul/publisher/79226 LEADER 01099nam a2200277 a 4500 001 000000130157 003 CaOOAMICUS 005 20120914115449.0 008 120914s2009 it u000 u ita r 020 $a978-88-215-6440-6 040 $aPUL$bita 082 04$a271.302 100 1 $aPasquale, Gianluigi,$cO.F.M. Cap.,$d1967-$0(OLS)http://pul/name/54223 245 10$aFrate Francesco /$cGianluigi Pasquale. 260 $aCinisello Balsamo :$bSan Paolo,$cİ2009. 300 $a178 p. ;$c20 cm 504 $aBibliografia in nota. 600 04$aFranciscus Assisiensis,$cs.,$d1182-1226$xBiografia.$0(OLS)http://pul/subject/22602 850 $aPUL 852 $aPUL$W1$xSL Religione 3$y85$m271. 302 PASGI 1$j150684$qDDC 21$B149247$CPULBib$Z2$F149247 $H120646 $82 941 1 $a9 996 $6020$a978-88-215-6440-6$9(OLS)http://pul/number/150494 996 $6082$a271.302$9(OLS)http://pul/classification/2357 996 $6245$aFrate Francesco$9(OLS)http://pul/title/164508 996 $6260$aCinisello Balsamo :$bSan Paolo$9(OLS)http://pul/publisher/54577